Pattern for living : (Record no. 7470)
[ view plain ]
| 000 -LEADER | |
|---|---|
| fixed length control field | 00676cam a2200205 a 4500 |
| 001 - CONTROL NUMBER | |
| control field | 15777895 |
| 005 - DATE AND TIME OF LATEST TRANSACTION | |
| control field | 20250908100016.0 |
| 008 - FIXED-LENGTH DATA ELEMENTS--GENERAL INFORMATION | |
| fixed length control field | 090616s1979 onca 000 0 eng |
| 050 00 - LIBRARY OF CONGRESS CALL NUMBER | |
| Classification number | BV150 |
| Item number | .N47 1979 |
| 082 04 - DEWEY DECIMAL CLASSIFICATION NUMBER | |
| Classification number | 220.6/4 |
| Edition information | 19 |
| 100 1# - MAIN ENTRY--PERSONAL NAME | |
| Personal name | Ness, Alex W. |
| Fuller form of name | (Alexander William) |
| 245 10 - TITLE STATEMENT | |
| Title | Pattern for living : |
| Remainder of title | the tabernacle, priesthood, offerings, feasts / |
| Statement of responsibility, etc. | by Alex W. Ness. |
| 260 ## - PUBLICATION, DISTRIBUTION, ETC. | |
| Place of publication, distribution, etc. | Downsview, Ont. : |
| Name of publisher, distributor, etc. | Christian Centre Publicaations, |
| Date of publication, distribution, etc. | 1979. |
| 300 ## - PHYSICAL DESCRIPTION | |
| Extent | 551 p. : |
| Other physical details | col. ill. ; |
| Dimensions | 22 cm. |
| 650 #0 - SUBJECT ADDED ENTRY--TOPICAL TERM | |
| Topical term or geographic name entry element | Rites and ceremonies in the Bible. |
| 650 #0 - SUBJECT ADDED ENTRY--TOPICAL TERM | |
| Topical term or geographic name entry element | Tabernacle. |
| 650 #0 - SUBJECT ADDED ENTRY--TOPICAL TERM | |
| Topical term or geographic name entry element | Priests, Jewish. |
| 650 #0 - SUBJECT ADDED ENTRY--TOPICAL TERM | |
| Topical term or geographic name entry element | Christian art and symbolism. |
| 942 ## - ADDED ENTRY ELEMENTS (KOHA) | |
| Source of classification or shelving scheme | Library of Congress Classification |
| Koha item type | Books |
| Suppress in OPAC | No |
| 999 ## - | |
| -- | 7470 |
| -- | 7470 |
| Withdrawn status | Lost status | Source of classification or shelving scheme | Damaged status | Not for loan | Collection | Home library | Current library | Shelving location | Date acquired | Total checkouts | Barcode | Date last seen | Copy number | Price effective from | Koha item type |
|---|---|---|---|---|---|---|---|---|---|---|---|---|---|---|---|
| Library of Congress Classification | Non-fiction | Undergraduate Library (Christ Temple) | Undergraduate Library (Christ Temple) | General stacks | 09/08/2025 | ulct00004651 | 09/08/2025 | 1 | 09/08/2025 | Books | |||||
| Library of Congress Classification | Non-fiction | Undergraduate Library (Christ Temple) | Undergraduate Library (Christ Temple) | General stacks | 09/10/2025 | ulct00004680 | 09/10/2025 | 1 | 09/10/2025 | Books |